00868cam a2200253 a 4500001001000000003000900010005001700019008004100036020001500077040002500092082002200117100003800139245004500177260002700222300002100249490002700270650005400297650004200351830003700393910003400430942001400464952012100478999001500599000004844DO-SdBNP20211112142031.0940304s1990 sp 001 p spa  a8476005156 aDO-SdBNPcBNPHUbspa 4a861.64bL579n2221 aLeón Felipe,d1884-1968.91405610aNueva antología rota /cLeón Felipe. aMadrid :bAkal,c1990. a242 p. ;c18 cm.1 aAkal bolsillovno. 193 4aPoesía españolaySiglo XXvColecciones914057 4aLiteratura españolaySiglo XX93326 0aAkal bolsillo ;vno. 193.914058 aCatalogación por copia / LC 2ddccLBS1 001052708MOaGRbGRcCTd2009-07-27iLF1l0o861.64 L579np4844-10r2020-06-25w2020-06-25y2ZPréstamo interno c4650d4650